[Event "RUS-ch"]
[Site "Krasnodar"]
[Date "2002.09.01"]
[Round "6"]
[White "Alikhanov, Felix"]
[Black "Potkin, Vladimir"]
[Result "0-1"]
[WhiteElo "2364"]
[BlackElo "2485"]
[Annotator "Mueller,Karsten"]
[PlyCount "48"]
[EventDate "2002.08.27"]
[EventType "swiss"]
[EventRounds "9"]
[EventCountry "RUS"]
[SourceTitle "CBM 091"]
[Source "ChessBase"]
[SourceDate "2002.11.12"]
[SourceVersion "1"]
[SourceVersionDate "2002.11.12"]
[SourceQuality "1"]

1. e4 e6 2. d4 d5 3. Nd2 c5 4. Ngf3 Nf6 5. e5 Nfd7 6. c3 Nc6 7. Bd3 g6 ({
The immediate Das sofortige} 7... Qb6 {is an important alternative. ist eine
wichtige Alternative.}) 8. h4 Qb6 9. h5 $5 {der prinzipielle Zug, um den
weißen Angriff am Königsflügel voranzubringen.} (9. Qa4 $6 Be7 10. O-O cxd4 $5
(10... O-O {1-0 Velimirovic,D-Drasko,M/Podgorica 1996/CBM 53/[Knaak] (36). (35)
}) 11. cxd4 Ndb8 $1 {"bringt Weiß in Schwierigkeiten; Verlust des Pd4 oder
Endspiel heißen die unerfreulichen Alternativen." (Knaak in CBM 53)}) (9. O-O
cxd4 (9... Bg7 $5) 10. cxd4 Nxd4 11. Nxd4 Qxd4 12. Nf3 Qg4 13. Be3 Be7 14. g3
O-O 15. Be2 Bc5 16. Bf4 Qf5 17. Bd3 Qg4 18. Rc1 f6 19. Be2 Qf5 20. Bd3 {
1/2-1/2 Jankov,J-Stavrev,N/BLG-ch 1991/TD 91\08 (20)}) 9... g5 (9... Bg7 $6 {
with the idea mit der Idee} 10. Rh4 $1 cxd4 ({For} 10... gxh5 {see
Gallagher-Zueger, SUI-ch Leukerbad 2002 in this CBM issue. siehe
Gallagher-Zueger, SUI-ch Leukerbad 2002 in dieser CBM Ausgabe.}) 11. cxd4 g5 $2
{seems to be refuted: scheint widerlegt zu sein:} 12. Nxg5 Nxd4 13. h6 $1 Bxe5
(13... Nxe5 14. Nb3 $18) 14. Qh5 Nc5 (14... Rf8 15. Nxh7 Rg8 16. Ng5 $16 {
[%cal Gh6h8]}) 15. Bb1 Rf8 16. Nxh7 Qc7 17. Nxf8 Ncb3 18. Nxb3 Nxb3 19. axb3
Qxc1+ 20. Qd1 $18 {1-0 Zalkind,K-Sarkar,J/Witley 1999/CBM 71 ext (46)}) 10.
Nxg5 cxd4 11. cxd4 Nxd4 (11... h6 $6 12. Ngf3 Nxd4 13. Nxd4 Qxd4 14. Nf3 Qg4
15. g3 $14 Be7 $6 16. Bf4 Nc5 17. Be2 Bd7 18. Rc1 $16 {1-0 Degraeve,J-Hacat,K/
Ontario CAN 2002/The Week in Chess 406 (36)}) 12. Ndf3 (12. Qa4 $6 Qb4 (12...
Nc6 $5) 13. Qxb4 Bxb4 14. f4 $6 (14. Rh4 Nc6 15. f4 $13) 14... h6 15. Nh3 Nc5
16. Bb1 Bd7 $15 {0-1 Sanchez Naranjo,J-Moreno,J/Collado Villalba ESP 2000/The
Week in Chess 304 (26)}) 12... Bc5 $5 $146 {[%mdl 8] eine wichtige, neue Idee,
um die Variante aus schwarzer Sicht wieder attraktiv zu machen. Allerdings
findet Weiß die kritische Fortsetzung nicht und gerät auf spektakuläre Weise
schnell ins Hintertreffen.} (12... Nxf3+ 13. Nxf3 Nc5 (13... h6 $6 14. O-O Qb4
15. Be3 Nc5 $6 (15... Qg4 $142) 16. Nd4 (16. Bd4 $5 $14) 16... Nxd3 17. Qxd3
$14 {1-0 Smirin,I-Gurevich,M/Dos Hermanas ESP 2001/The Week in Chess 338 (55).
(54)}) 14. Bc2 (14. O-O $5 Nxd3 15. Qxd3 $14 h6 $2 16. Be3 $16 {1-0 Degraeve,
J-Brynell,S/Leon ESP 2001/The Week in Chess 367 (54)} Qxb2 $2 17. a3 Bd7 18.
Rfb1 $18) 14... Qb4+ (14... h6 $6 15. O-O Bd7 16. Re1 O-O-O 17. a3 Qa6 18. Nd4
$16 {1-0 Aarthie,R-Dhar,S/New Delhi IND 2001/The Week in Chess 344 (56)}) 15.
Kf1 (15. Qd2 Ne4 16. Qxb4 Bxb4+ 17. Ke2 b6 18. Nd4 $14) 15... Be7 16. Nd4 Bd7
17. a3 Qc4+ 18. Kg1 Ne4 19. Be3 Qc7 {0-1 Blees,A-Shaked,T/Wijk aan Zee 1998/
CBM 63 (38)} 20. f4 $14 {[%cal Gh1h3,Ga1c1]}) (12... h6 $6 {looks suspicious,
e.g. sieht sehr verdächtig aus, z.B.} 13. Nxd4 (13. Nxf7 Kxf7 14. Nxd4) 13...
hxg5 14. Bb5 Bc5 15. Be3) 13. Bxh7 $2 (13. O-O $5 {is critical: ist kritisch:}
Nc6 (13... h6 $6 14. Nxf7 Kxf7 15. b4 Qxb4 16. Rb1 $36 Qc3 $2 17. Bb2 $16) 14.
Qa4 h6 15. Nh3 $13) (13. Nxd4 Bxd4 14. f4 h6 15. Nf3 Bxb2 16. Rb1 $13) 13...
Nxf3+ $15 14. Qxf3 Nxe5 15. Qf6 $2 {unterschätzt den folgenden Schlag.} (15.
Qe2 f6 16. Bc2 Qb4+ 17. Kf1 Bd7 $15) 15... Rxh7 $1 16. Nxh7 $2 (16. Qxe5 Bxf2+
17. Kd1 Bd4 18. Qe2 $17) 16... Bxf2+ 17. Kd1 $6 (17. Ke2 Qb5+ 18. Kxf2 Ng4+ 19.
Ke1 Nxf6 20. Nxf6+ Ke7 21. Rf1 Qb4+ 22. Ke2 b6 $19) 17... Qd4+ {Weiß wird nun
klassisch ausgekontert.} 18. Bd2 (18. Ke2 b6 $5 $19 (18... Qd3+ 19. Kxf2 Ng4+
$19)) (18. Kc2 $2 Qd3#) 18... Be3 19. Qh8+ Kd7 20. Nf6+ Kc6 (20... Ke7 $5 $19)
21. Rc1+ Nc4 22. Qe8+ Kb6 23. Qd8+ Ka6 24. Ne4 dxe4 $2 {An dieser Stelle
stimmt vermutlich etwas nicht. Lautet das Ergebnis wirklich 0-1 und nicht 1-0
? Oder war 24...e5 statt 24...dxe4 die Partiefortsetzung ?} (24... dxe4 $2 25.
Qxd4 Bxd4 26. Rxc4 $16) (24... e5 $1 25. Qf6+ b6 26. Rxc4 Bg4+ 27. Kc1 Qxc4+
28. Nc3 Bxd2+ 29. Kxd2 d4 $19) 0-1

[Event "EU-Cup 18th"]
[Site "Kallithea"]
[Date "2002.09.28"]
[Round "7.3"]
[White "Karlsson, Agust Sindri"]
[Black "Lampen, Timo"]
[Result "1/2-1/2"]
[WhiteElo "2347"]
[BlackElo "2315"]
[Annotator "Mueller,Karsten"]
[PlyCount "101"]
[EventDate "2002.09.22"]
[EventType "team-swiss"]
[EventRounds "7"]
[EventCountry "GRE"]
[SourceTitle "CBM 092"]
[Source "ChessBase"]
[SourceDate "2003.02.06"]
[SourceVersion "1"]
[SourceVersionDate "2003.02.06"]
[SourceQuality "1"]
[WhiteTeam "Reykjavik Hellir"]
[BlackTeam "Joensuu"]
[WhiteTeamCountry "ISL"]
[BlackTeamCountry "FIN"]

1. e4 e6 2. d4 d5 3. Nd2 Nf6 4. e5 Nfd7 5. Bd3 c5 6. c3 Nc6 7. Ne2 cxd4 8. cxd4
Qb6 9. Nf3 f6 10. Nf4 $6 {ein selten gespielter Versuch, die Hauptvariante zu
umgehen (ohne die Einschaltung von 8...Db6 9.Sf3 wird Sf4 häufiger angewandt).}
fxe5 (10... Bb4+ $5 11. Kf1 Nd8 12. exf6 Nxf6 13. Ne5 O-O 14. Nh5 Nc6 15. Nxf6+
Rxf6 16. Be3 Rf8 $2 (16... Bd6 $5) 17. Qh5 $1 $40 {0-1 Budde,U-Groenke,K/
Dortmund 1987/TD 87\03 (30)}) 11. Nxe6 $6 (11. dxe5 $1 Ndxe5 12. Nxe5 Bb4+ 13.
Kf1 Nxe5 14. Qh5+ Nf7 15. Bxh7 {1-0 Vysochin,S-Socko,M/Barlinek POL 2002/The
Week in Chess 403 (33). (32)} (15. a3 $2 Bc5 16. g3 Bd7 17. Kg2 g6 18. Qe2 O-O
$15 {/-/+ 0-1 Borda,A-Martinez,M/Villa Giardino 2002/CBM 88 ext (41)}) 15... e5
16. Ng6 Bg4 17. Qxg4 Rxh7 $15) (11. Nxe5 $6 Ndxe5 12. dxe5 Nxe5 13. Qh5+ Nf7
14. Ng6 $4 hxg6 15. Qxh8 $2 Nxh8 {0-1 Kanonier,C-Schmid,M/Dornbirn op 1988/EXT
88op (15)}) 11... Nf6 $5 (11... e4 {wäre genauer zu untersuchen, z.B.} 12. Bf4
(12. Nfg5 exd3 13. Bf4 $13) 12... Nde5 $13 (12... exf3 $2 13. Nc7+ Kd8 14. O-O
$13)) 12. dxe5 (12. Nxf8 e4 13. Nxh7 Nxh7 14. Qe2 O-O $17) 12... Ng4 13. Ned4
Bb4+ 14. Ke2 (14. Bd2 $2 Nxd4 15. Nxd4 Qxd4 16. Qa4+ Kf7 17. Bxb4 Qxd3 $19)
14... Nxd4+ (14... Bc5 $5 15. Be3 Bxd4 16. Bxd4 Nxd4+ 17. Nxd4 O-O $40) 15.
Nxd4 Nxf2 $2 (15... O-O 16. f3 (16. Be3 Nxe3 17. fxe3 (17. Kxe3 $2 Bc5 $19)
17... Bg4+ 18. Nf3 Rae8 $40) 16... Nxe5 17. Be3 Re8 18. Qb3 Nxd3 19. Qxd3 Bc5
20. Rhd1 Qxb2+ 21. Kf1 b6 $36) 16. Bb5+ $11 Qxb5+ 17. Nxb5 Nxd1 18. h3 Nf2 19.
Kxf2 O-O+ 20. Kg3 Bd7 $6 (20... Bf5 $142) 21. Nc7 Rac8 22. Nxd5 Bc5 23. Bf4 Bc6
24. Rhd1 Rcd8 25. Nc7 Bf2+ $5 {Schwarz hofft, in einem vereinfachten Endspiel
remis erreichen zu können.} 26. Kxf2 Rxf4+ 27. Kg3 Rfd4 28. Rxd4 Rxd4 29. Ne6
$6 (29. e6 $142) 29... Rd2 30. Rf1 Rxg2+ 31. Kh4 h6 32. Rf8+ Kh7 33. Nd4 $6
Rxb2 $2 (33... Bd5 34. e6 Rd2 {hätte Schwarz Gewinnchancen gegeben.}) 34. e6
$11 Rb4 35. Rd8 $1 Kg6 36. Kg3 Kf6 37. Rf8+ Ke7 38. Rf7+ Kd6 39. Nxc6 bxc6 40.
Rxa7 Kxe6 41. Rxg7 c5 42. Rg6+ Kd5 43. Rxh6 c4 44. Kf3 Ra4 45. Ke3 Ra3+ 46. Kd2
Rxa2+ 47. Kc3 Ra3+ 48. Kc2 Rg3 49. Rh8 Kd4 50. Rd8+ Kc5 51. Rc8+ 1/2-1/2

[Event "EU-ch 3rd"]
[Site "Batumi"]
[Date "2002.06.20"]
[Round "8"]
[White "Godena, Michele"]
[Black "Gurevich, Mikhail"]
[Result "1/2-1/2"]
[WhiteElo "2481"]
[BlackElo "2641"]
[Annotator "Mueller,Karsten"]
[PlyCount "102"]
[EventDate "2002.06.12"]
[EventType "swiss"]
[EventRounds "13"]
[EventCountry "GEO"]
[SourceTitle "CBM 090"]
[Source "ChessBase"]
[SourceDate "2002.09.20"]
[SourceVersion "1"]
[SourceVersionDate "2002.09.20"]
[SourceQuality "1"]

1. e4 e6 2. d4 d5 3. Nd2 Nf6 4. e5 Nfd7 5. Bd3 c5 6. c3 Nc6 7. Ne2 cxd4 8. cxd4
f6 9. exf6 Nxf6 10. Nf3 Qc7 11. O-O Bd6 12. Bg5 O-O 13. Bh4 e5 14. dxe5 Nxe5
15. Nxe5 Bxe5 16. Bg3 Bxg3 17. Nxg3 Qb6 18. Qb3 (18. Qd2 Bd7 (18... Ng4 19.
Rae1 Be6 20. h3 Nf6 21. Qe3 Qxe3 22. Rxe3 $14 {1-0 Renner,C-Martin,T/BL2-S
1994/BL2 (66)}) 19. Rfe1 $5 (19. Bf5 Rad8 20. Bxd7 Rxd7 21. Rfe1 d4 $11 {
1-0 Del Rio Angelis,S-Alonso,R/Havana CUB 2002/The Week in Chess 393 (77)}) (
19. Rac1 Rad8 (19... Rac8 20. Bf5 $5 Rxc1 21. Rxc1 Bxf5 22. Nxf5 g6 23. Ne7+
Kg7 24. Nc8 $1 $14 {Knaak. 1/2-1/2 Ghinda,M-Gdanski,J/Stara Zagora 1990/CBM 17/
[Knaak] (54) Ein ungewöhnliches Feld für den Springer.}) 20. h3 Kh8 21. Rfe1
$14 {1-0 Collinson,A-Mack,A/BCF-ch 1992/EXP 30 (46)}) (19. Rad1 Rad8 (19... Bb5
20. Bxb5 Qxb5 21. Nf5 $14 {1-0 Joshi,G-Dhar,S/Calcutta 2000/CBM 74 ext (75)})
20. h3 Kh8 21. Rfe1 Bc6 22. Nf5 $14 {1/2-1/2 Radulov,I-Vaganian,R/Leningrad
1977/MCL 06 (24)}) 19... Rae8 20. h3 Bb5 (20... Rxe1+ $142 21. Rxe1 Re8 $11 {
(Gurevich)}) 21. Bc2 $5 Rxe1+ (21... Bc4 22. Nf5 $36) 22. Rxe1 Re8 23. Rxe8+
Bxe8 24. Bb3 $14 {1/2-1/2 Svidler,P-Gurevich,M/Haifa 1995/Inf 63/[Gurevich,M] 
(47)}) 18... Qxb3 19. axb3 $11 {/+/=} Bd7 20. f3 Ne8 (20... a6 21. Ne2 Rad8 22.
Nd4 Rfe8 23. Rac1 Rc8 24. Rxc8 Rxc8 25. g4 g6 26. b4 Kf7 27. Kf2 Ke7 28. Kg3
Kd6 29. Kf4 Rf8 30. Kg5 $14 {1-0 Oral,T-Kristjansson,S/Reykjavik ISL 2000/The
Week in Chess 284 (69). (68)}) (20... a5 21. Rfc1 b6 22. Nf5 Rfe8 23. Rc7 Rac8
24. Rxc8 Bxc8 25. Kf2 Bd7 26. Rc1 g6 27. Nd4 Rc8 28. Rxc8+ Bxc8 29. Bb5 Kf7 30.
Ke3 {1/2-1/2 Shmuter,L-Krays,A/Israel 1997/EXP 58 (30)}) 21. Ra5 Nf6 22. Rfa1
a6 23. Ne2 Rac8 $6 (23... Rae8 24. Nd4 Re3 25. Rd1 Rf7 $11 {/+/=}) 24. Nf4 Rc7
$6 25. b4 $1 (25. Nxd5 Nxd5 26. Rxd5 Be6 27. Rh5 g6 28. Re5 Bxb3 $11) 25... d4
26. Nd5 Nxd5 27. Rxd5 {die Stellung ist für Schwarz sehr unangenehm, z.B.} Bb5
$6 (27... Rf4 28. Be4 $5 (28. Re1 Kf7 29. Be4 Bc6 30. Rxd4 Bxe4 31. Rdxe4 Rxe4
32. Rxe4 Rc2 $11) (28. Rd1 Ba4 29. Rd2 Rc1+ 30. Kf2 Bc6 31. Rd8+ Kf7 32. Bxh7
Rc4 $14) 28... Bc6 29. Rc1 $14 {/+/-} (29. Rxd4 $6 Bxe4 30. fxe4 Rc2 31. Rf1
Rxf1+ 32. Kxf1 b5 33. b3 Rb2 $11)) 28. Bxb5 axb5 29. Rxd4 $16 h6 30. Re1 Rfc8
31. h4 Kh7 32. Re5 Rc1+ 33. Kh2 R8c7 34. Rxb5 R1c2 35. h5 Rxb2 36. Re5 Rcc2 37.
Rg4 Rc7 38. Kh3 Rd2 39. Rf4 Rd8 40. Kg4 Rd2 41. g3 Rd8 42. Rfe4 Rd6 43. f4 Rd3
44. Re3 (44. Re7 $2 Rcc3 45. Rxb7 Rxg3+ 46. Kf5 Rh3 $14) 44... Rd4 45. R5e4
Rcc4 46. Re8 $2 (46. Rxd4 Rxd4 47. b5 $16) 46... Rxb4 47. Rf8 (47. Rb8 Re4 48.
Rxe4 Rxe4 49. Rxb7 Re3 50. f5 Kg8 $11) 47... Re4 48. Rd3 Red4 49. Re3 Re4 50.
Rd3 Red4 51. Re3 Re4 1/2-1/2

[Event "FRA-chT Gp-A"]
[Site "France"]
[Date "2003.01.31"]
[Round "1.2"]
[White "Adams, Michael"]
[Black "Nguyen, Chi Minh"]
[Result "1-0"]
[WhiteElo "2734"]
[BlackElo "2366"]
[Annotator "Mueller,Karsten"]
[PlyCount "69"]
[EventDate "2003.01.31"]
[EventType "team"]
[EventRounds "7"]
[EventCountry "FRA"]
[SourceTitle "CBM 094"]
[Source "ChessBase"]
[SourceDate "2003.05.26"]
[SourceVersion "1"]
[SourceVersionDate "2003.05.26"]
[SourceQuality "1"]
[WhiteTeam "Paris NAO"]
[BlackTeam "Noyon"]
[WhiteTeamCountry "FRA"]
[BlackTeamCountry "FRA"]

1. e4 e6 2. d4 d5 3. Nd2 Nf6 4. e5 Nfd7 5. c3 c5 6. Bd3 b6 7. Ne2 Ba6 8. Bxa6
Nxa6 9. Nf4 b5 10. O-O c4 $6 {nimmt frühzeitig den Druck von d4, was Weiß
recht freie Hand am Königsflügel gibt.} (10... Nc7 11. Re1 (11. Qg4 $5) 11...
c4 12. b3 Nb6 13. a4 cxb3 14. axb5 Nxb5 15. Qxb3 Qd7 16. Ra5 a6 17. Nd3 Qc6 18.
Nb4 Qxc3 19. Qxc3 {1/2-1/2 Stoica,V-Miralles,G/Luzern 1985/MCD (19).}) (10...
Qb6 11. Nf3 (11. a4 cxd4 12. axb5 Nc7 13. c4 dxc4 14. Nxc4 Qc5 $13 {0-1
Popadic,D-Jeremic,V/Herceg Novi 2001/CBM 82 ext (50)}) 11... Nc7 12. dxc5 Bxc5
13. b4 Be7 14. a4 bxa4 15. Be3 Qb7 16. Qxa4 Nb5 $11 {0-1 Berebora,F-Stajcic,N/
Budapest 1991/TD (72)}) 11. Qg4 Nc7 12. a4 bxa4 13. Rxa4 a5 14. h4 Nb6 15. Ra1
g6 16. h5 a4 17. Qh3 $1 {[%mdl 32] im Folgenden zeigt Michael Adams in
instruktiver Weise, wie Weiß gegen eine solche Königsflügelstruktur vorgehen
sollte.} g5 $6 (17... Rg8 $6 18. Nf3 Nd7 (18... g5 19. Qg3 $14) 19. hxg6 hxg6
20. Qh7 Rg7 21. Qh8 g5 22. Nh5 Rg6 23. Nxg5 Rxg5 $2 24. Nf6+ Nxf6 25. Bxg5 $18)
(17... gxh5 18. Nxh5 Nd7 19. Nf3 Rg8 20. Ng3 $14 {/+/-}) 18. Ne2 Qd7 19. Nf3 h6
20. Nh2 Be7 21. f4 Qb5 (21... O-O-O 22. fxg5 Bxg5 23. Ng4 $16 {[%cal Gf1f7,
Gg4f6,Gg4h6]}) 22. fxg5 hxg5 (22... Bxg5 23. Bxg5 hxg5 24. h6 $16) 23. h6 Qb3
24. Qh5 (24. Rxf7 $2 Qd1+ 25. Rf1 Qxe2 $19) 24... O-O-O (24... Rh7 $6 25. Bxg5
Bxg5 26. Qxg5 Qc2 27. Ng4 $18) 25. Bxg5 Bxg5 26. Qxg5 Qxb2 $6 (26... Qc2 {
ist geschickter, ändert am weißen Vorteil aber nichts, z.B.} 27. Nf4 Qxb2 28.
Rfc1 Rdg8 29. Qh4 Nd7 30. Nf3 a3 31. Ng5 Rf8 32. h7 Qd2 33. Qf2 $16) 27. Qe3
Qc2 28. Rxf7 (28. Ng4 $5) 28... Qd3 29. Qxd3 cxd3 30. Nf4 Rxh6 31. Nxd3 Rdh8
32. Nf1 Nb5 $2 (32... Kb7 $142 $16) 33. Rb1 $18 Rh1+ 34. Kf2 Nxc3 35. Rxb6 1-0

[Event "RUS-ch"]
[Site "Krasnodar"]
[Date "2002.09.02"]
[Round "7"]
[White "Potkin, Vladimir"]
[Black "Volkov, Sergey"]
[Result "0-1"]
[WhiteElo "2485"]
[BlackElo "2636"]
[Annotator "Mueller,Karsten"]
[PlyCount "64"]
[EventDate "2002.08.27"]
[EventType "swiss"]
[EventRounds "9"]
[EventCountry "RUS"]
[SourceTitle "CBM 091"]
[Source "ChessBase"]
[SourceDate "2002.11.12"]
[SourceVersion "1"]
[SourceVersionDate "2002.11.12"]
[SourceQuality "1"]

1. e4 e6 2. d4 d5 3. Nd2 Nf6 4. e5 Nfd7 5. c3 c5 6. Bd3 Nc6 7. Ne2 cxd4 8. cxd4
f6 9. exf6 Nxf6 10. Nf3 Bd6 11. O-O O-O 12. Bg5 Bd7 13. Re1 a6 14. Nc3 Kh8 15.
a3 Qc7 16. Bh4 $1 $146 (16. Rc1 $2 Ng4 17. g3 (17. h3 $2 Bh2+ 18. Kf1 (18. Kh1
$4 Nxf2#) 18... Nxf2 19. Kxf2 Qg3+ 20. Kf1 Nxd4 21. Be2 Nxf3 22. Bxf3 Qxg5 $19)
17... Qb6 (17... Qb8 $2 18. Bb1 $14 {1-0 Manik,M-Hrubant,I/Mlada Boleslav op
1995/EXT 95op (33). (32)}) 18. Na4 (18. Bc2 $2 Nxf2 19. Kxf2 Nxd4 20. Be3 Rxf3+
21. Qxf3 Rf8 $17) (18. Be2 h6 19. Na4 Qa7 20. Be3 Nxe3 21. fxe3 e5 $36) 18...
Qa7 19. Be3 Nxe3 20. fxe3 Be8 $36 {[%cal Ge8h5,Ge6e5]}) 16... Ng4 (16... Nh5 $5
) 17. h3 Nh6 18. Ng5 Rf4 $6 (18... Nxd4 $6 19. Nxh7 Rf5 20. Bg5 $14) (18... Qb6
$5 19. Nxe6 (19. Nxh7 Qxd4 20. Nxf8 Rxf8 $44) 19... Bxe6 20. Rxe6 Qxd4 (20...
Nxd4 $2 21. Nxd5 Qc6 22. Rxh6 gxh6 23. Qh5 $16) 21. Rxd6 Qxh4 22. Qd2 d4 23.
Ne4 Rae8 $132) 19. Bg3 Rxd4 20. Bxd6 Qxd6 21. Ne2 $14 e5 $5 {das
Qualitätsopfer bietet wegen des imposanten Zentrums gute praktische Chancen,
dürfte allerdings objektiv nicht ganz zum Ausgleich führen.} 22. Nxd4 Nxd4 23.
Rc1 (23. Bxh7 $6 Qf6 24. h4 Rf8 $44) 23... g6 24. f4 $5 {Weiß ergreift
energisch die Initiative gegen das gegnerische Zentrum, verrechnet sich
allerdings in den folgenden Komplikationen:} exf4 (24... e4 $2 25. Bxe4 Qb6 (
25... dxe4 26. Rxe4 Ndf5 27. Qxd6 Nxd6 28. Re7 $18) 26. Bxd5 Nf3+ 27. Kh1 Nxe1
28. Qxe1 Qxb2 29. Rc7 $18) 25. Bxg6 (25. Nf3 $5) 25... Qb6 $1 26. Kh2 f3 (26...
hxg6 $6 27. Re7 $40) 27. Bxh7 Rf8 28. gxf3 $2 (28. Rc3 $142 fxg2 29. Rg3 Rf2
30. Rxg2 $14) 28... Nf7 29. f4 $2 (29. Nxf7+ Rxf7 30. f4 $1 Qf6 $1 $17 (30...
Kxh7 $2 31. Qh5+ Kg7 32. Rc3 Nf5 33. Rg1+ Kf8 34. Qh8+ Ke7 35. Re1+ Be6 36. Qe5
$132) (30... Rxh7 $4 31. Rc8+ Bxc8 (31... Kg7 32. Re7+ Kf6 33. Rxh7 Qxb2+ 34.
Rc2 $18) 32. Re8+ Kg7 33. Qg1+ Qg6 34. Qxd4+ $16)) 29... Nxg5 $19 30. fxg5 Nf3+
31. Kh1 Qd6 (31... Qf2 $19) 32. Qe2 Bb5 (32... Bb5 33. Qc2 (33. Qf2 Qd7 34. Qg3
Nxe1 35. Rxe1 Kxh7 $19) 33... Qg3 34. Qg2 Qxg2+ 35. Kxg2 Nxe1+ 36. Rxe1 Kxh7
$19) 0-1

[Event "Moscow Aeroflot op-A"]
[Site "Moscow"]
[Date "2003.02.17"]
[Round "7"]
[White "Rublevsky, Sergei"]
[Black "Ulybin, Mikhail"]
[Result "1/2-1/2"]
[WhiteElo "2644"]
[BlackElo "2581"]
[Annotator "Mueller,Karsten"]
[PlyCount "119"]
[EventDate "2003.02.10"]
[EventType "swiss"]
[EventRounds "9"]
[EventCountry "RUS"]
[SourceTitle "CBM 094"]
[Source "ChessBase"]
[SourceDate "2003.05.26"]
[SourceVersion "1"]
[SourceVersionDate "2003.05.26"]
[SourceQuality "1"]

1. e4 e6 2. d4 d5 3. Nd2 Nf6 4. Bd3 c5 5. e5 Nfd7 6. c3 Nc6 7. Ne2 cxd4 8. cxd4
f6 9. exf6 Nxf6 10. O-O Bd6 11. Nf3 Qc7 12. Bg5 O-O 13. Rc1 h6 14. Bd2 Bd7 $5 (
14... Ng4 15. Ng3 Qb6 16. Bc3 Bf4 17. Rc2 e5 18. dxe5 Ngxe5 19. Nxe5 Nxe5 20.
Bd4 $14 {1/2-1/2 Moissl,R-Detmer,H/FRG-ch M1350 corr 1989/MegaCorr2 (35). (34)}
) 15. b4 a6 16. a4 Qb8 17. b5 axb5 18. axb5 Na5 19. Re1 Nc4 $1 20. Bxc4 dxc4
21. Nc3 Ng4 (21... Nd5 $5) 22. g3 (22. h3 $5 Nf6 23. Ne5 Qc7 24. Nxd7 Qxd7 25.
Qe2 $14) 22... Be8 (22... Qe8 $5) 23. Qe2 Kh8 24. Ne5 (24. Qxe6 Rxf3 25. Qxg4
Rd3 26. Rc2 Qc8 $44) 24... Rxf2 $2 (24... Nxe5 25. dxe5 Bc5 26. Be3 Qc8 $11)
25. Qxg4 $18 Rxd2 26. Nxc4 Rd3 27. Qe4 (27. Rxe6 $2 Bxg3 $11) 27... Rxc3 28.
Rxc3 Bb4 29. Rf3 $2 (29. Rf1 $1 Bg6 30. Qxg6 Bxc3 31. Qd3 Bb4 (31... Ba1 32.
Nb6 $18 {[%cal Gb6a8,Gb6d7]}) 32. Ne5 Kg8 33. Rf7 Bf8 34. Qe4 Qa7 35. Kg2 Qa2+
36. Kh3 $18) 29... Bh5 $1 30. Ref1 (30. Rfe3 Bxe1 31. Rxe1 Qd8 $14) 30... Bxf3
31. Rxf3 Ra1+ 32. Kg2 Ra2+ 33. Kh3 (33. Rf2 $5 Rxf2+ 34. Kxf2 Qc8 35. Ne5 {
kam wegen des gut zentralisierten Dame-Springer Duos auch stark in Betracht.})
33... Qe8 34. Ne5 Qh5+ 35. Qh4 Qxh4+ 36. gxh4 Rd2 37. Rf7 b6 38. Rd7 $2 (38.
Rb7 Rxd4 39. Rxb6 {war besser.}) 38... Bc3 39. Rd8+ (39. Ng6+ Kg8 40. h5 Rd3+
41. Kg2 Rxd4 42. Rb7 Rd2+ 43. Kf3 Rd3+ 44. Ke4 Rd4+ 45. Ke3 Rd8 $11) 39... Kh7
40. h5 Rxd4 41. Rc8 (41. Nd7 $6 {wird mit} e5 42. Nf8+ Kg8 43. Nd7+ Kf7 44.
Nxe5+ Ke6 {beantwortet.}) 41... Rd5 $1 42. Nf7 Rxh5+ 43. Kg4 Rc5 (43... Rf5 44.
Rxc3 Rxf7 45. Rc6 {sollte auch remis sein.}) 44. Rxc5 bxc5 45. b6 Ba5 46. b7
Bc7 47. Nd8 c4 48. Nxe6 Bb8 (48... Bxh2 $4 49. Nf4 $18) 49. h3 c3 50. Nd4 Kg6
51. Kf3 Kg5 52. Ke4 g6 53. Nf3+ Kf6 54. Kd3 Kf5 55. Nd4+ Kf4 56. Kxc3 h5 57.
Nc6 Bc7 58. Ne7 (58. b8=Q $6 Bxb8 59. Nxb8 Kg3 {bringt nur Weiß in
Schwierigkeiten.}) 58... Kg3 (58... g5 $4 59. Nd5+ Kg3 60. Nxc7 $18) 59. Nxg6
Kxh3 60. Kd3 1/2-1/2